Statistiques concernant Pays ayant toujours un service militaire

Cliquez ici pour prendre le quiz!

Statistiques générales

  • Ce quiz a été pris 153 fois
  • Le résultat moyen est 27 sur 39

Statistiques - réponses

Région du mondeRéponse% Correct
AfriqueAlgérie
91%
AsieCorée du Nord
87%
AsieCorée du Sud
87%
AfriqueMaroc
86%
Moyen-OrientIsraël
83%
EuropeRussie
83%
AmériqueBrésil
82%
AfriqueEgypte
80%
AmériqueMexique
80%
EuropeUkraine
80%
Moyen-OrientIran
79%
Moyen-OrientTurquie
79%
AmériqueColombie
77%
EuropeFinlande
76%
AfriqueTunisie
76%
EuropeNorvège
72%
EuropeSuède
72%
EuropeSuisse
72%
Moyen-OrientSyrie
72%
AmériqueVenezuela
70%
EuropeEstonie
69%
AmériqueBolivie
67%
AmériqueChili
66%
AfriqueLibye
65%
EuropeGrèce
64%
EuropeDanemark
63%
EuropeLituanie
63%
AmériqueCuba
61%
EuropeAutriche
60%
Moyen-OrientEmirats arabes unis
60%
AsieThaïlande
60%
Moyen-OrientQatar
57%
AsieBirmanie
56%
Moyen-OrientKoweït
53%
AsieAzerbaïdjan
52%
AfriqueAngola
48%
Moyen-OrientChypre
48%
AsieTaiwan
46%
AsieSingapour
40%

Distribution des résultats

Percentile par nombre de réponses

% des personnes avec chaque résultat

Votre développement - résultats

Vous n’avez pas pris ce quiz